LEADER 02271nam a2200265 i 4500 001 000000351954 003 CaOOAMICUS 005 20240903091806.0 008 221020s1782 it u000 u lat u 040 $aSeMil$bita 240 10$aCorpus iuris canonici.$0(OLS)http://semarc/title/450047 245 10$aCorpus juris canonici academicum, emendatum et notis P. Lancellotti illustratum, in duos tomos distributum, usuique moderno ad modum Christoph. Henr. Freiesleben, alias Ferromontani, J.U.D. ... ita accommodatum, ut nunc studiosorum quivis, ... Accesserunt Loci communes uberrimi et indices titulorum canonumque omnium summa diligentia ... concinnati. Tomus 1. [-2.]. 250 $aEditio secunda veneta 264 1$aVenetiis :$bTypis Joannis Baptistae Costantini,$c1782. 300 $a2 v. ;$c4°. 500 $aTesto su due colonne 500 $aFregio xilogr. sui front. 700 1 $aFreiesleben, Christoph Heinrich,$d.$0(OLS)http://semarc/name/12564 700 1 $aLancellotti, Giovanni Paolo,$d<1522-1590>.$0(OLS)http://semarc/name/12563 710 0 $aCostantini, Giambattista$c.$0(OLS)http://semarc/name/116680 774 0 $tTomus primus, continens Decreti Gratiani, ad veteres codices restitutum & notis illustratum: cui accedunt canones poenitentiales & canones sanctorum apostolorum.$dVenetiis : Typis Joannis Baptistae Costantini, 1782.$w()351955 774 0 $tGregorii papae 9. Decretales, una cum Libro Sexto, Clementinis et Extravagantibus, ad veteres codices restitutae et notis illustratae. Quibus accedunt Septimus Decretalium et Jo. Pauli Lancelotti Institutiones juris canonici, cum indicibus necessarii. Tomus 2.$dVenetiis : Typis Joannis Baptistae Costantini, 1782.$w()351956 996 $6245$aCorpus juris canonici academicum, emendatum et notis P. Lancellotti illustratum, in duos tomos distributum, usuique moderno ad modum Christoph. Henr. Freiesleben, alias Ferromontani, J.U.D. ... ita accommodatum, ut nunc studiosorum quivis, ... Accesserunt Loci communes uberrimi et indices titulorum canonumque omnium summa diligentia ... concinnati. Tomus 1. [-2.]$9(OLS)http://semarc/title/38256 996 $6264$aVenetiis :$bTypis Joannis Baptistae Costantini$9(OLS)http://semarc/publisher/60690 LEADER 01363nam a2200289 i 4500 001 000000174213 003 CaOOAMICUS 005 20250123120203.0 008 080822s2008 gw u000 u ger u 020 $a978-3-451-26827-4 040 $aSeMil$bita 240 10$aBibbia. Antico Testamento. Salmi.$0(OLS)http://semarc/title/440940 245 00$aPsalmen 101-150 /$cÜbersetzt und ausgelegt von Frank-Lothar Hossfeld, Erich Zenger. 260 $aFreiburg ; Basel ; Wien :$bHerder,$c2008. 300 $a912 p. :$bill. ;$c25 cm. 490 0 $aHerders theologischer Kommentar zum Alten Testament 650 4$aBibbia. Antico Testamento. Salmi, 101-150.$0(OLS)http://semarc/subject/7730 700 1 $aZenger, Erich,$d<1939-2010>.$0(OLS)http://semarc/name/2584 700 1 $aHossfeld, Frank-Lothar,$d<1942-2015>.$0(OLS)http://semarc/name/4267 830 0$aHerders theologischer Kommentar zum Alten Testament.$0(OLS)http://semarc/title/5798 850 $aSeMil 852 $aSeMil$W1$xVenegono$y1$m2YA B 22/3$j254016$B125052$CSeMilBibl$Z2$F135990 $81 961 $aSottoscrizione: Herder 996 $6020$a978-3-451-26827-4$9(OLS)http://semarc/number/162063 996 $6245$aPsalmen 101-150$9(OLS)http://semarc/title/249664 996 $6260$aFreiburg ; Basel ; Wien :$bHerder$9(OLS)http://semarc/publisher/29643